El Bibliobús Guilleries es fa amic dels gegants : quadern per a les escoles : programa de foment de la lectura al bibliobús quadern per a les escoles :
Publicado:
Barcelona :
Diputació de Barcelona. Àrea de Cultura. Xarxa de Biblioteques Municipals : Diputació de Barcelona. Gerència de Serveis de Biblioteques ,
2009
Descripción Física:
15, [17] p. ; 30 cm
MARC
| LEADER | 00000nam a2200000Ia 4500 | ||
|---|---|---|---|
| 001 | 21347 | ||
| 008 | 160829s2009 xx 000 0 cat d | ||
| 080 | |a FU-38-5 | ||
| 245 | |a El Bibliobús Guilleries es fa amic dels gegants : |b quadern per a les escoles : |b programa de foment de la lectura al bibliobús | ||
| 260 | |a Barcelona : |b Diputació de Barcelona. Àrea de Cultura. Xarxa de Biblioteques Municipals : |b Diputació de Barcelona. Gerència de Serveis de Biblioteques, |c 2009 | ||
| 300 | |a 15, [17] p. ; |c 30 cm | ||
| 590 | |a A la coberta: Amb Roger Canals. Primavera 2009 | ||
| 610 | 0 | |a Bibliobús Guilleries |9 52665 | |
| 650 | |a Bibliobusos |9 38730 | ||
| 650 | |a Lectura |x Animació |9 38731 | ||
| 710 | 1 | |a Barcelona (Catalunya : Província). |b Xarxa de Biblioteques Municipals |9 52650 | |
| 710 | 1 | |a Barcelona (Catalunya : Província). |b Gerència de Serveis de Biblioteques |9 52661 | |
| 901 | |a Arxiu | ||
| 942 | |n 1 |2 udc |c ARXIU | ||
| 952 | |0 0 |1 0 |4 0 |6 FU385 |7 1 |9 51910 |a Arxiu |b Arxiu |d 2016-12-01 |l 0 |o FU-38-5 |p 21347 |r 2016-12-01 00:00:00 |w 2016-12-01 |y ARXIU | ||
| 999 | |c 55756 |d 55756 | ||